Principles of CMOS VLSI design (Record no. 2744)

000 -LEADER
fixed length control field 00701nam a2200229 a 4500
001 - CONTROL NUMBER
control field 2744
003 - CONTROL NUMBER IDENTIFIER
control field BD-DhUET
008 - FIXED-LENGTH DATA ELEMENTS--GENERAL INFORMATION
fixed length control field 920421s1993 mauaf b 001 0 eng
020 ## - INTERNATIONAL STANDARD BOOK NUMBER
International Standard Book Number 0201533766
040 ## - CATALOGING SOURCE
Original cataloging agency DLC
Transcribing agency DLC
Modifying agency BD-DhUET
082 00 - DEWEY DECIMAL CLASSIFICATION NUMBER
Classification number 623.8173
Item number WES/1992
100 1# - MAIN ENTRY--PERSONAL NAME
Personal name Weste, Neil H. E.
245 10 - TITLE STATEMENT
Title Principles of CMOS VLSI design
Remainder of title a systems perspective
Statement of responsibility, etc. by Neil H.E. Weste and Kamran Eshraghian
250 ## - EDITION STATEMENT
Edition statement 2nd ed.
260 ## - PUBLICATION, DISTRIBUTION, ETC. (IMPRINT)
Place of publication, distribution, etc. New York
Name of publisher, distributor, etc. Addison-Wesley Publishing
Date of publication, distribution, etc. 1993
300 ## - PHYSICAL DESCRIPTION
Extent xxii, 713 p.
490 ## - SERIES STATEMENT
Series statement The VLSI system series
504 ## - BIBLIOGRAPHY, ETC. NOTE
Bibliography, etc Includes bibliographies
650 #0 - SUBJECT ADDED ENTRY--TOPICAL TERM
Topical term or geographic name as entry element Integrated circuits- VLSI-Design and construction
700 ## - ADDED ENTRY--PERSONAL NAME
Personal name Eshraghian, Kamran
942 ## - ADDED ENTRY ELEMENTS (KOHA)
Koha item type General Book
Holdings
Koha date last borrowed Date acquired Lost status Koha date last seen Sublocation or collection (holding branch) Shelving location Copy number Piece designation (barcode) Not for loan Source of classification or shelving scheme Koha normalized classification for sorting Withdrawn status Koha item type Damaged status Price effective from Location (home branch) Koha full call number Koha issues (times borrowed)
 2014-09-30 2014-09-30Central Library, BUETCirculation section1107718  623_817300000000000_WES_1993 General Book 2014-09-30Central Library, BUET623.8173/WES/1993 
2014-12-132014-09-30 2015-01-10Central Library, BUETCirculation section2107801  623_000000000000000_8173WES199 General Book 2014-09-30Central Library, BUET623.8173/WES/19931
 2014-10-29 2014-10-29Central Library, BUETCirculation section391121  623_000000000000000_8173WES199 General Book 2014-10-29Central Library, BUET623.8173/WES/1993 
 2014-10-29 2014-10-29Central Library, BUETCirculation section491119  623_817300000000000_WES_1993 General Book 2014-10-29Central Library, BUET623.8173/WES/1993 
 2014-11-01 2014-11-01Central Library, BUETCirculation section591120  623_000000000000000_8173WES199 General Book 2014-11-01Central Library, BUET623.8173/WES/1992 
2018-08-142014-11-01 2018-08-27Central Library, BUETCirculation section691124  623_000000000000000_8173WES199 General Book 2014-11-01Central Library, BUET623.8173/WES/19921
 2014-11-09 2017-01-01Central Library, BUETCirculation section791123  623_000000000000000_8173WES199 General Book 2014-11-09Central Library, BUET623.8173/WES/1993 
 2015-07-02 2015-07-02Central Library, BUETReading section890588  623_817300000000000_WES_1993 Reading Item 2015-07-02Central Library, BUET623.8173/WES/1993 
 1997-04-28 2019-01-30Central Library, BUETCirculation section991122  623_817300000000000_WES_1993 General Book 2019-01-30Central Library, BUET623.8173/WES/1993